<?xml version="1.0" encoding="UTF-8"?><record xmlns="http://www.loc.gov/MARC21/slim" xmlns:zs="http://docs.oasis-open.org/ns/search-ws/sruResponse">
  <leader>02841nam a22004093i 4500</leader>
  <controlfield tag="001">22061941</controlfield>
  <controlfield tag="005">20250607105743.3</controlfield>
  <controlfield tag="006">m    |o  d |      </controlfield>
  <controlfield tag="007">cr |||||||||||</controlfield>
  <controlfield tag="008">210525m12751299xx |||||o|||||||| ||lat  </controlfield>
  <datafield ind1=" " ind2=" " tag="035">
    <subfield code="a">22061941</subfield>
  </datafield>
  <datafield ind1=" " ind2=" " tag="906">
    <subfield code="a">0</subfield>
    <subfield code="b">ibc</subfield>
    <subfield code="c">orignew</subfield>
    <subfield code="d">u</subfield>
    <subfield code="e">ncip</subfield>
    <subfield code="f">20</subfield>
    <subfield code="g">y-gencatlg</subfield>
  </datafield>
  <datafield ind1=" " ind2=" " tag="955">
    <subfield code="a">LCAP batch update 2025-06-02-04:00: LCAPM-988</subfield>
  </datafield>
  <datafield ind1=" " ind2=" " tag="010">
    <subfield code="a">  2021668071</subfield>
  </datafield>
  <datafield ind1=" " ind2=" " tag="035">
    <subfield code="a">(WDL)14432</subfield>
  </datafield>
  <datafield ind1=" " ind2=" " tag="040">
    <subfield code="a">DLC</subfield>
    <subfield code="b">eng</subfield>
    <subfield code="c">DLC</subfield>
  </datafield>
  <datafield ind1=" " ind2=" " tag="041">
    <subfield code="a">lat</subfield>
  </datafield>
  <datafield ind1=" " ind2=" " tag="080">
    <subfield code="a">242</subfield>
  </datafield>
  <datafield ind1="0" ind2="0" tag="245">
    <subfield code="a">Book of Hours: Images of the Life of Christ and the Saints.</subfield>
  </datafield>
  <datafield ind1=" " ind2=" " tag="260">
    <subfield code="a">[place of publication not identified] :</subfield>
    <subfield code="b">[publisher not identified],</subfield>
    <subfield code="c">[1275 to 1299]</subfield>
  </datafield>
  <datafield ind1=" " ind2=" " tag="300">
    <subfield code="a">1 online resource.</subfield>
  </datafield>
  <datafield ind1=" " ind2=" " tag="336">
    <subfield code="a">text</subfield>
    <subfield code="b">txt</subfield>
    <subfield code="2">rdacontent</subfield>
  </datafield>
  <datafield ind1=" " ind2=" " tag="337">
    <subfield code="a">computer</subfield>
    <subfield code="b">c</subfield>
    <subfield code="2">rdamedia</subfield>
  </datafield>
  <datafield ind1=" " ind2=" " tag="338">
    <subfield code="a">online resource</subfield>
    <subfield code="b">cr</subfield>
    <subfield code="2">rdacarrier</subfield>
  </datafield>
  <datafield ind1=" " ind2=" " tag="500">
    <subfield code="a">Title devised, in English, by Library staff.</subfield>
  </datafield>
  <datafield ind1=" " ind2=" " tag="500">
    <subfield code="a">Original resource extent: 107 folios ; 180 x 130 millimeters.</subfield>
  </datafield>
  <datafield ind1=" " ind2=" " tag="520">
    <subfield code="a">This manuscript, a book of hours from the late 13th century, is comprised of 87 full-page illuminations illustrating scenes from the life of Christ and the lives of saints. The book is a Cistercian church calendar in Latin. The other text to be found in the work is a short caption under each image. When it was first created, the codex included 90 illuminations. A masterpiece of gothic illumination, the manuscript shows how important religious images were for the devotions of its owner. This most likely was a wealthy lay woman, probably Marie de Rethel, lady of Enghien (circa 1231-1315), who lived in Mons, in the county of Hainaut and diocese of Cambrai. Another possible owner could have been Marie of Gavre, a Cistercian from Wauthier-Braine near Nivelles, also in the diocese of Cambrai. The paintings are by two artists: Master Henri and an anonymous painter who was, however, more involved in the work and who painted the most beautiful illustrations. The style of the illuminations shows influences from the artistic traditions of France, England, and the Holy Roman Empire. The presence of local saints such as Gertrude of Nivelles (626-59), Waudru (died circa 688), Lambert, and others links the manuscript to the diocese of Cambrai.</subfield>
  </datafield>
  <datafield ind1="1" ind2=" " tag="535">
    <subfield code="3">Original resource at:</subfield>
    <subfield code="a">National Library of France.</subfield>
  </datafield>
  <datafield ind1=" " ind2=" " tag="546">
    <subfield code="a">Content in Latin.</subfield>
  </datafield>
  <datafield ind1="0" ind2=" " tag="588">
    <subfield code="a">Description based on data extracted from World Digital Library, which may be extracted from partner institutions.</subfield>
  </datafield>
  <datafield ind1=" " ind2="0" tag="653">
    <subfield code="a">1275 to 1299</subfield>
  </datafield>
  <datafield ind1=" " ind2="0" tag="653">
    <subfield code="a">Bible. New Testament</subfield>
    <subfield code="a">Books of hours</subfield>
    <subfield code="a">Calendars</subfield>
    <subfield code="a">Cistercians</subfield>
    <subfield code="a">Codex</subfield>
    <subfield code="a">Illuminations</subfield>
    <subfield code="a">Jesus Christ</subfield>
    <subfield code="a">Liturgies</subfield>
    <subfield code="a">Prayers</subfield>
    <subfield code="a">Psalms</subfield>
    <subfield code="a">Saints</subfield>
  </datafield>
  <datafield ind1=" " ind2=" " tag="752">
    <subfield code="a">France</subfield>
  </datafield>
  <datafield ind1="0" ind2=" " tag="773">
    <subfield code="t">Illuminated Manuscripts from Europe</subfield>
  </datafield>
  <datafield ind1="4" ind2="0" tag="856">
    <subfield code="d">gdcwdl</subfield>
    <subfield code="f">wdl_14432</subfield>
    <subfield code="u">https://hdl.loc.gov/loc.wdl/wdl.14432</subfield>
  </datafield>
  <datafield ind1=" " ind2=" " tag="985">
    <subfield code="a">wdl/wdlpartner/wdlfrance</subfield>
  </datafield>
  <datafield ind1=" " ind2=" " tag="991">
    <subfield code="b">s-Online</subfield>
    <subfield code="h">Electronic Resource</subfield>
  </datafield>
</record>
